000 00691nam a2200241Ia 4500
005 20260121112519.0
008 6605 260114s9999 xx 000 0 eng d
020 _a9789814287777
037 _aEBOOK
040 _aCRL
_beng
_cCRL
041 _aeng
_2eng
084 _qCRL
100 _aLye Liang Fook & Chen Gang
_9958833
245 0 _aTowards a Liveable and Sustainable Urban Environment: Eco-Cities in East Asia
260 _bWorld Scientific
260 _bWSPC
260 _c2010
650 _aEnvironmental Science
_9958834
856 _uhttps://www.worldscientific.com/worldscibooks/10.1142/7476#t=toc
942 _cEBOOK
999 _c1543905
_d1543905